Statistics for Countries of Eurasia, Without a Map

Click here to take the quiz!

General Stats

  • This quiz has been taken 19 times
  • The average score is 86 of 92

Answer Stats

Answer% Correct
Albania
100%
Bahrain
100%
Belgium
100%
China
100%
Denmark
100%
France
100%
Greece
100%
Iran
100%
Iraq
100%
Israel
100%
Italy
100%
Lebanon
100%
Luxembourg
100%
Mongolia
100%
Netherlands
100%
Portugal
100%
Qatar
100%
Russia
100%
Saudi Arabia
100%
Serbia
100%
Spain
100%
Syria
100%
Turkey
100%
Vatican City
100%
Afghanistan
94%
Andorra
94%
Austria
94%
Belarus
94%
Bulgaria
94%
Cambodia
94%
Croatia
94%
Czech Republic
94%
Estonia
94%
Finland
94%
Germany
94%
Hungary
94%
Iceland
94%
India
94%
Indonesia
94%
Japan
94%
Kazakhstan
94%
Kosovo
94%
Kuwait
94%
Kyrgyzstan
94%
Latvia
94%
Lithuania
94%
Malta
94%
Monaco
94%
Montenegro
94%
Myanmar
94%
North Korea
94%
Norway
94%
Oman
94%
Pakistan
94%
Philippines
94%
Poland
94%
Romania
94%
San Marino
94%
Singapore
94%
Slovakia
94%
Slovenia
94%
South Korea
94%
Sri Lanka
94%
Sweden
94%
Switzerland
94%
Tajikistan
94%
Turkmenistan
94%
Ukraine
94%
United Arab Emirates
94%
United Kingdom
94%
Vietnam
94%
Yemen
94%
Armenia
88%
Azerbaijan
88%
Bangladesh
88%
Bosnia and Herzegovina
88%
Brunei
88%
Georgia
88%
Ireland
88%
Laos
88%
Malaysia
88%
Maldives
88%
Moldova
88%
Taiwan
88%
Thailand
88%
Uzbekistan
88%
Bhutan
81%
East Timor
81%
Jordan
81%
Nepal
81%
North Macedonia
81%
Liechtenstein
75%

Score Distribution

Percentile by Number Answered

Percent of People with Each Score

Your Score History

You have not taken this quiz